000 00703nam a2200289Ia 4500
005 20260324125105.0
008 008 260324s9999 xx 000 0 eng d
020 _a9780203872048
037 _aEBOOK
040 _aCRL
040 _beng
040 _cCRL
041 _2eng
041 _aeng
084 _qCRL
100 _aJacqueline Tatom; Jennifer Stauber
_91176654
245 0 _aMaking the Metropolitan Landscape
245 0 _bStanding Firm on Middle Ground
260 _bTaylor and Francis
260 _c2009
365 _a
365 _b180
856 _uhttp://www.taylorfrancis.com/books/9780203872048
942 _cEBOOK
999 _c1771608
_d1771608